000 00713nam a22002537a 4500
001 BR9606405
003 BR-BrBNA
005 20230928095312.0
007 ta
008 230509b bl.||||| |||| 00| 0 por d
040 _aBR-BrBNA
_bpor
_cBiblioteca Nacional de Agricultura
041 _a(Por)
072 _aF01
_b1000
090 _ 1000 BR9606405
110 1 _aQuimica Industrial Brasileira S.A., Santo Andre, SP (Brasil). Depto. Tecnico Agricola
_98118
245 1 _aCitrus do plantio a colheita
260 3 _aSanto Andre, SP (Brasil):
_c1980.
300 _a34 p.
500 _a11 ref.
650 _aFruta Citrica
650 _aPratica Cultural
909 _a202309
_bLucia
_c55
_dLucia Elande
942 _cBK
999 _c55749
_d55749